| 000 | 01418nam a2200277 a 4500 | ||
|---|---|---|---|
| 003 | BLK | ||
| 005 | 20240105085353.0 | ||
| 008 | 230505b bu |||||||||| 00| | bu d | ||
| 020 | _a978-619-91399-9-8 | ||
| 040 | _aBLK | ||
| 041 |
_aBUL _cBUL |
||
| 080 |
_aБългарска литература _b821.163.2 _x-93-34 _z821.163.2-93-34 |
||
| 100 |
_9487653 _aМъсарлиева, Виргиния Милкова _eпърви автор |
||
| 139 | _aМъсарлиева, Виргиния Милкова | ||
| 245 |
_aКомандировката на мама _cВиргиния Василева ; ил. Влади Видал |
||
| 257 | _aBGR | ||
| 260 |
_9402429 _aВарна _bФонд. Карин дом _c2023 _f([Варна] : [Хеликс прес]) |
||
| 300 |
_a20 с. _bс цв. ил. _c21 x 21 см |
||
| 380 | _aDX | ||
| 490 |
_9487654 _aПоредица Карин, Слончо и суперсилите |
||
| 500 | _aВъзприетата форма на името на авт. Виргиния Василева е Виргиния Милкова Мъсарлиева Влади Видал - псевд. на ил. Владислава Видинова Биогр. данни за авт. отбелязани на гърба на кор. | ||
| 700 |
_9309536 _aВидинова, Владислава _eхудож. |
||
| 856 |
_i0.00 _ldisable |
||
| 942 |
_cKNG _n0 _s1 |
||
| 999 |
_c499978 _d499978 |
||
| 999 | _d491066 | ||
| 944 |
_a30545 _cНора Радева _k30545 _lНора Радева |
||